000
00303nam a2200109Ia 4500
005
20251222153647.0
008
251222s9999||||xx |||||||||||||| ||spa||
020
_a
84-7491-492-2
082
_a
927/U61/T.2
245
0
_a
Tiempo y espacio en el arte: Homenaje al profesor Antonio Bonet Correa
942
_c
LIB
999
_c
32951
_d
32951